000 00484nam a2200145Ia 4500
008 100122s9999 xx 000 0 und d
082 _b42330
_a823
100 _aराजपूत रघुवीरसिंह
245 _aमहाराणी पद्मिनी
260 _bसाकेत प्रकाशन
_c1988
300 _a154
630 _aमहाराणी पद्मिनी
730 _aमहाराणी पद्मिनी
942 _cBOOK
999 _c422752
_d422749